Culture générale - numéro 28 - Statistiques

Statistiques générales
  • Ce quiz a été pris 121 fois
  • Le résultat moyen est 8 sur 15
Statistiques - réponses
Question Réponse % Correct
Quelle est le pays d'origine du groupe ABBA? Suède
80%
Comment dit on le mot "cou" en anglais? Neck
78%
Quel animal peut être de Sumatra ou de Sibérie? Tigre
76%
Quelle unité mesure l'intensité du courant électrique? Ampère
73%
Quel est le plus grand nombre premier en dessous de 100? 97
72%
Quel nom est donné aux 40 plus importantes actions françaises cotées en bourse? CAC40
70%
Quel est l'autre buteur, avec Zidane, en finale de CDM 1998? Petit
61%
Quel est le seul pays frontalier du Timor Oriental? Indonésie
57%
Quelle est la dernière lettre de l'alphabet grec? Omega
55%
À quelle dynastie, ou Maison, appartient l'actuel roi anglais Charles III? Windsor
48%
Dans quel ville étasunienne se trouve la tour Space Needle? Seattle
32%
Quel synonyme d'indigène ou aborigène signifie venu du sol même où il habite? Autochtone
30%
Quel structure conjointe au cerveau joue un rôle important dans le contrôle moteur? Cervelet
24%
Quel nom est donné au logo Nike? Swoosh
24%
Quel musicien, membre des Rolling Stones, appartient au tragique Club des 27? Brian Jones
10%
Aucun quiz correspondant
Distribution des résultats
% des personnes avec chaque résultat
Percentile par nombre de réponses
Votre historique - résultats
Vous n’avez pas pris ce quiz